Letterboxd Top 250 Animated Films - Statistics

General Stats
  • This quiz has been taken 38 times
  • The average score is 55 of 250
Answer Stats
Rank Director Year Answer % Correct
63 John Lasseter 1995 Toy Story
93%
2 Hayao Miyazaki 2001 Spirited Away
89%
124 John Lasseter 1999 Toy Story 2
81%
96 Lee Unkrich 2010 Toy Story 3
81%
66 Pete Docter 2009 Up
81%
28 Roger AllersRob Minkoff 1994 The Lion King
78%
8 Hayao Miyazaki 2004 Howl's Moving Castle
74%
78 Brad Bird 2004 The Incredibles
74%
23 Andrew Stanton 2008 WALL-E
74%
133 Gary TrousdaleKirk Wise 1991 Beauty and the Beast
70%
85 Andrew Stanton 2003 Finding Nemo
70%
35 Hayao Miyazaki 1988 My Neighbor Totoro
70%
9 Wes Anderson 2009 Fantastic Mr. Fox
67%
176 Pete Docter 2015 Inside Out
67%
55 Andrew AdamsonVicky Jenson 2001 Shrek
67%
149 John Lasseter 2006 Cars
63%
58 Hayao Miyazaki 2008 Ponyo
63%
5 Hayao Miyazaki 1997 Princess Mononoke
63%
25 Brad Bird 2007 Ratatouille
63%
62 Conrad VernonKelly Asbury Andrew Adamson 2004 Shrek 2
63%
120 Pete Docter 2020 Soul
63%
3 Kemp PowersJustin K. Thompson Joaquim Dos Santos 2023 Spider-Man: Across the Spider-Verse
63%
4 Bob PersichettiPeter Ramsey Rodney Rotham 2018 Spider-Man: Into the Spider-Verse
63%
1 Isao Takahata 1988 Grave of the Fireflies
59%
74 Pete Docter 2001 Monsters, Inc.
59%
54 Lee Unkrich 2017 Coco
56%
223 Ron ClementsJohn Musker 2016 Moana
56%
49 Tony BancroftBarry Cook 1998 Mulan
56%
134 Hayao Miyazaki 2023 The Boy and the Heron
56%
235 John MuskerRon Clements 1989 The Little Mermaid
56%
112 Henry Selick 1993 The Nightmare Before Christmas
56%
139 John MuskerRon Clements 1992 Aladdin
52%
36 Henry Selick 2009 Coraline
52%
50 Hayao Miyazaki 1989 Kiki;s Delivery Service
52%
84 Nathan GrenoByron Howard 2010 Tangled
52%
13 Brad Bird 1999 The Iron Giant
52%
27 Makoto Shinkai 2016 Your Name.
52%
197 Byron HowardRich Moore 2016 Zootopia
52%
76 Hayao Miyazaki 1986 Castle in the Sky
48%
71 Gints Zilbalodis 2024 Flow
48%
215 Chris BuckKevin Lima 1999 Tarzan
48%
114 Ron ClementsJohn Musker 2009 The Princess and the Frog
48%
135 Bill RobertsPaul Satterfield Wilfred Jackson Ben Sharpsteen James Algar T. Hee Hamilton Luske Samuel Armstrong Jim Handley Norman Ferguson David Hand Ford Beebe Jr. 1940 Fantasia
44%
51 Chris SandersDean DeBlois 2010 How to Train Your Dragon
44%
81 Wes Anderson 2018 Isle of Dogs
44%
128 Mark OsborneJohn Stevenson 2008 Kung Fu Panda
44%
240 Enrico Cassarosa 2021 Luca
44%
222 Wolfgang ReithermanClyde Geronimi Hamilton Luske 1961 One Hundred and One Dalmatians
41%
68 Satoshi Kon 2006 Paprika
41%
173 Phil LordChristopher Miller 2014 The Lego Movie
41%
61 Hayao Miyazaki 2013 The Wind Rises
41%
136 Tim BurtonMike Johnson 2005 Corpse Bride
37%
6 Satoshi Kon 1997 Perfect Blue
37%
211 Gore Verbinski 2011 Rango
37%
236 Wolfgang Reitherman 1967 The Jungle Book
37%
11 Katsuhiro Otomo 1988 Akira
33%
174 Chris WilliamsDon Hall 2014 Big Hero 6
33%
168 Ron ClementsJohn Musker 1997 Hercules
33%
80 Chris SandersDean DeBlois 2002 Lilo & Stitch
33%
86 Hayao Miyazaki 1992 Porco Rosso
33%
207 Wolfgang Reitherman 1970 The Aristocats
33%
77 Steve HicknerBrenda Chapman Simon Wells 1998 The Prince of Egypt
33%
30 Chris Sanders 2024 The Wild Robot
33%
20 Satoshi Kon 2003 Tokyo Godfathers
33%
208 Jared BushByron Howard 2025 Zootopia 2
33%
164 Dean DeBlois 2014 How to Train Your Dragon 2
30%
201 Jennifer Yuh Nelson 2011 Kung Fu Panda 2
30%
203 Tom McGarth 2010 Megamind
30%
24 Satoshi Kon 2001 Millennium Actress
30%
52 Joel Crawford 2022 Puss in Boots: The Last Wish
30%
122 Mark Dindal 2000 The Emperor's New Groove
30%
238 Makoto Shinkai 2019 Weathering With You
30%
202 Gary TrousdaleKirk Wise 2001 Atlantis: The Lost Empire
26%
117 Travis Knight 2016 Kubo and the Two Strings
26%
224 Sam FellChris Butler 2012 ParaNorman
26%
182 Makoto Shinkai 2022 Suzume
26%
213 Gary TrousdaleKirk Wise 1996 The Hunchback of Notre Dame
26%
106 Jan Svankmajer 1988 Alice
22%
148 Don BluthGary Goldman 1997 Anastasia
22%
184 Aaron BlaiseRobert Walker 2003 Brother Bear
22%
69 Mamoru Oshii 1995 Ghost in the Shell
22%
31 Vincent ParonnaudMarjane Satrapi 2007 Persepolis
22%
229 Isao Takahata 1994 Pom Poko
22%
192 Don Bluth 1988 The Land Before Time
22%
194 John LounsberyWolfgang Reitherman 1977 The Many Adventures of Winnie the Pooh
22%
161 Don Bluth 1982 The Secret of NIMH
22%
125 Ron ClementsJohn Musker 2002 Treasure Planet
22%
244 Stephen J. AndersonDon Hall 2011 Winnie the Pooh
22%
186 Clyde GeronimiWilfred Jackson Hamilton Luske 1951 Alice in Wonderland
19%
165 Charlie KaufmanDuke Johnson 2015 Anomalisa
19%
29 Jonas Poher Rasmussen 2021 Flee
19%
210 Goro Miyazaki 2011 From Up on Poppy Hill
19%
107 Mark GustafsonGuillermo del Toro 2022 Guillermo del Toro's Pinocchio
19%
38 Sergio Pablos 2019 Klaus
19%
37 Claude Barras 2016 My Life as a Zucchini
19%
196 Wolfgang Reitherman 1973 Robin Hood
19%
160 Trey Parker 1999 South Park: Bigger, Longer & Uncut
19%
72 Nora Twomey 2017 The Breadwinner
19%
214 Richard RichArt Stevens Ted Berman 1981 The Fox and the Hound
19%
116 Chris McKay 2017 The Lego Batman Movie
19%
121 Stephen Hillenburg 2004 The Spongebob SquarePants Movie
19%
18 Isao Takahata 2013 The Tale of The Princess Kaguya
19%
150 Steve BoxNick Park 2005 Wallace & Gromit: The Curse of the Were-Rabbit
19%
147 Martin Rosen 1978 Watership Down
19%
40 Yoshifumi Kondo 1995 Whisper of the Heart
19%
56 Mamoru Hosoda 2012 Wolf Children
19%
94 Rene Laloux 1973 Fantastic Planet
15%
7 Don Hertzfeldt 2012 It's Such a Beautiful Day
15%
21 Dean Fleischer Camp 2021 Marcel the Shell with Shoes on
15%
183 Rintaro 2001 Metropolis
15%
34 Masaaki Yuasa 2004 Mind Game
15%
39 Hayao Miyazaki 1984 Nausicaa of the Valley of the Wind
15%
32 Masaaki Yuasa 2017 Night Is Short, Walk On Girl
15%
115 Troy QuaneNick Bruno 2023 Nimona
15%
126 Isao Takahata 1991 Only Yesterday
15%
15 Tomm Moore 2014 Song of the Sea
15%
19 Takehiko Inoue 2022 The First Slam Dunk
15%
152 Mamoru Hosoda 2006 The Girl Who Leapt Through Time
15%
171 Mike Rianda 2021 The Mitchells vs. the Machines
15%
130 Richard Linklater 2001 Waking Life
15%
111 Kenji Iwaisawa 2025 100 Meters
11%
67 Mamoru Oshii 1985 Angel's Egg
11%
113 Ugo Bienvenu 2025 Arco
11%
33 Naoko Yamada 2016 A Silent Voice: The Movie
11%
82 Bruce TimmEric Radomski 1993 Batman: Mask of the Phantasm
11%
57 Shinichiro Watanabe 2001 Cowboy Bebop: The Movie
11%
228 Kazuya TsurumakiMasayuki Hideaki Anno 2007 Evangelion: 1.0 You Are (Not) Alone
11%
110 MasayukiKazuya Tsurumaki Hideaki Anno 2009 Evangelion: 2.0 You Can (Not) Advance
11%
10 Katsuichi NakayamaKazuya Tsurumaki Mahiro Maeda Hideaki Anno 2021 Evangelion: 3.0+1.0 Thrice Upon a Time
11%
232 Dean DeBlois 2019 How to Train Your Dragon: The Hidden World
11%
17 Kazuhisa TakenouchiLeiji Matsumoto Hirotoshi Rissen Daisuke Nishio 2003 Interstella 5555: The 5tory of the 5ecret 5tar 5ystem
11%
59 Sunao Katabuchi 2016 In This Corner of the World
11%
138 Masaaki Yuasa 2021 Inu-Oh
11%
14 Kiyotaka Oshiyama 2024 Look Back
11%
95 Hugh WelchmanDK Welchman 2017 Loving Vincent
11%
16 Adam Elliot 2009 Mary and Max
11%
44 Adam Elliot 2024 Memoir of a Snail
11%
104 Katsuhiro OtomoKoji Morimoto Tensai Okamura 1995 Memories
11%
64 Jiao Zi 2025 Ne Zha 2
11%
53 Takeshi Koike 2009 Redline
11%
180 Mamoru Hosoda 2009 Summer Wars
11%
155 Mamoru Hosoda 2015 The Boy and the Beast
11%
92 Hayao Miyazaki 1979 The Castle of Cagliostro
11%
83 Paul Grimault 1980 The King and the Mockingbird
11%
245 Steve Martino 2015 The Peanuts Movie
11%
90 Martin Rosen 1982 The Plague Dogs
11%
157 Michael Dudok de Wit 2016 The Red Turtle
11%
158 Tomm Moore 2009 The Secret of Kells
11%
88 Sylvain Chomet 2003 The Triplets of Belleville
11%
91 Keith Maitland 2016 Tower
11%
45 Yoshiaki Kawajiri 2000 Vampire Hunter D: Bloodlust
11%
103 Ari Folman 2008 Waltz with Bashir
11%
146 Hiromasa Yonebayashi 2014 When Marnie Was There
11%
100 Jimmy T. Murakami 1986 When the Wind Blows
11%
26 Tomm MooreRoss Stewart 2020 Wolfwalkers
11%
231 Kevin Lima 1995 A Goofy Movie
7%
233 Bibo Bergeron 2011 A Monster in Paris
7%
87 Stephane AubierVincent Patar 2009 A Town Called Panic
7%
12 Michel Ocelot 2006 Azur & Asmar: The Princes' Quest
7%
99 Mori Masaki 1983 Barefoot Gen
7%
47 Yuzuru Tachikawa 2023 Blue Giant
7%
42 Stephane AubierVincent Patar Benjamin Renner 2012 Ernest & Celestine
7%
226 Hideaki AnnoKazuya Tsurumaki Masayuki Mahiro Maeda 2012 Evangelion: 3.0 You Can (Not) Redo
7%
151 Mamoru Oshii 2004 Ghost in the Shell 2: Innocence
7%
181 Jeremy Clapin 2019 I Lost My Body
7%
123 Hiroyuki Okiura 1999 Jin-Roh: The Wolf Brigade
7%
200 Kotaro Tamura 2020 Josee, the Tiger and the Fish
7%
205 Jeff Lew 2008 Killer Bean Forever
7%
89 Michel Ocelot 1998 Kirikou and the Sorceress
7%
246 Leela VargheseEmma Hough Hobbs 2025 Lesbian Space Princess
7%
248 Masaaki Yuasa 2017 Lu Over the Wall
7%
247 Takashi Yamazaki 2019 Lupin III: The First
7%
189 Phil Trippett 2021 Mad God
7%
154 Mari Okada 2018 Maquia: When the Promised Flower Blooms
7%
101 Jeremie Perin 2023 Mars Express
7%
212 RintaroYoshiaki Kawajiri Katsuhiro Otomo 1987 Neo Tokyo
7%
175 Yoshiaki Kawajiri 1993 Ninja Scroll
7%
209 Dan Trachtenberg 2025 Predator: Killer of Killers
7%
190 Hiroyuki Imaishi 2019 Promare
7%
75 Pablo Berger 2023 Robot Dreams
7%
172 Bill Melendez 1972 Snoopy, Come Home
7%
22 Marcell Jankovics 1981 Son of the White Mare
7%
204 Ash BrannonChris Buck 2007 Surf's Up
7%
65 Micheal Arias 2006 Tekkonkinkreet
7%
217 Yoshiaki KawajiriMahiro Maeda Shinichiro Watanabe Takeshi Koike Peter Chung Koji Morimoto Andrew R. Jones 2003 The Animatrix
7%
199 Jorge R. Gutierrez 2014 The Book of Life
7%
129 Sylvain Chomet 2010 The Illusionist
7%
178 Arthur Rankin, Jr.Jules Bass 1989 The Last Unicorn
7%
159 MTJJ 2019 The Legend of Hei
7%
127 Mark Osborne 2015 The Little Prince
7%
144 Hugh WelchmanDK Welchman 2023 The Peasants
7%
93 Jiri Barta 1986 The Pied Piper
7%
163 Richard Williams 1993 The Thief and the Cobbler
7%
48 Cristobal LeonJoaquin Cocina 2018 The Wolf House
7%
166 Josh Cooley 2024 Transformers One
7%
169 Nick ParkMerlin Crossingham 2024 Wallace & Gromit: Vengeance Most Fowl
7%
118 George Dunning 1968 Yellow Submarine
7%
141 Bill Melendez 1969 A Boy Named Charlie Brown
4%
237 Jean-Loup FelicioliAlain Gagno 2010 A Cat in Paris
4%
241 Hiroyuki Okiura 2011 A Letter to Momo
4%
239 Frank EkinciChristian Desmares 2015 April and the Extraordinary World
4%
221 Eiichi Yamamoto 1973 Belladonna of Sadness
4%
97 Toshiyuki Kubooka 2013 Berserk: The Golden Age Arc III - The Advent
4%
230 Toshiyuki Kubooka 2012 Berserk: The Golden Age Arc II - The Battle for Doldrey
4%
185 Alberto VazquezPedro Olvidados 2015 Birdboy: The Forgotten Children
4%
109 Ale Abreu 2013 Boy & the World
4%
167 Chiara MaltaSebastien Laudenbach 2023 Chicken for Linda!
4%
249 Javier MariscalFernando Trueba Tono Errando 2010 Chico & Rita
4%
234 Ayuma Watanabe 2019 Children of the Sea
4%
243 Keiichi Hara 2010 Colorful
4%
188 Shingo Yamashita 2026 Cosmic Princess Kaguya!
4%
119 Kenji Kodama 2002 Detective Conan: The Phantom of Baker Street
4%
70 Shoko Nakamura 2016 Dou kyu sei - Classmates
4%
191 Fletcher Moules 2022 Entergalactic
4%
145 Takahiro Omori 2011 Hotarubi no Mori e
4%
132 Shinichiro Ushijima 2018 I Want to Eat Your Pancreas
4%
193 Stephane BerlaMathias Malzieu 2013 Jack and the Cuckoo-Clock Heart
4%
225 Ryan Adriandhy 2025 Jumbo
4%
108 Takahide Hori 2017 Junk Head
4%
206 Michel OcelotBenedicte Galup 2005 Kirikou and the Wild Beasts
4%
73 Mailys ValladeLiane-cho Han 2025 Little Amelie or the Character of Rain
4%
102 Naoko Yamada 2018 Liz and the Blue Bird
4%
143 Han Ji-won 2025 Lost in Starlight
4%
60 Mauricio de Sousa 2007 Monica's Gang in an Adventure in Time
4%
153 Kenji Nakamura 2024 Mononoke the Movie: The Phantom in the Rain
4%
179 Gisaburo Sugii 1985 Night on the Galactic Railroad
4%
142 Alain Ughetto 2022 No Dogs or Italians Allowed
4%
98 Kenji Iwaisawa 2019 On-Gaku: Our Sound
4%
46 Mamoru Oshii 1993 Patlabor 2: The Movie
4%
220 Mamoru Oshii 1989 Patlabor: The Movie
4%
41 Michel Ocelot 2000 Princes and Princesses
4%
43 Kunihiko Ikuhara 1999 Revolutionary Girl Utena: The Movie
4%
242 Masaaki Yuasa 2019 Ride Your Wave
4%
216 Luiz Bolognesi 2013 Rio 2096: A Story of Love and Fury
4%
177 Milorad Krstic 2018 Ruben Brandt, Collector
4%
140 Kelly AsburyLorna Cook 2002 Spirit: Stallion of the Cimarron
4%
137 Masahiro Ando 2007 Sword of the Stranger
4%
195 Jeff Rowe 2023 Teenage Mutant Ninja Turtles: Mutant
4%
105 Lotte Reiniger 1926 The Adventures of Prince Achmed
4%
156 Benjamin RennerPatrick Imbert 2017 The Big Bad Fox and Other Tales
4%
219 Shunji Iwai 2015 The Case of Hana & Alice
4%
227 Naoko Yamada 2024 The Colors Within
4%
187 Michel Hazanavicius 2024 The Most Precious of Cargoes
4%
162 Hiromasa Yonebayashi 2010 The Secret World of Arrietty
4%
79 Patrick Imbert 2021 The Summit of the Gods
4%
170 Zabou BreitmanElea Gobbe-Mevellec 2019 The Swallows of Kabul
4%
131 Rene GoscinnyAlbert Uderzo 1976 The Twelve Tasks of Asterix
4%
198 Rene Laloux 1982 Time Masters
4%
218 Shannon Tindle 2024 Ultraman: Rising
4%
250 Kenji Kodama 1997 Detective Conan: The Time Bombed Skyscraper
0%
No matching quizzes found
Score Distribution
Percent of People with Each Score
Percentile by Number Answered
Your Score History
You have not taken this quiz